LEADER 10675nam 2201357 450 001 9910793492103321 005 20230729085416.0 010 $a1-63853-510-8 010 $a1-62623-765-4 024 7 $a10.1055/b-005-148979 035 $a(CKB)4100000007741547 035 $a(MiAaPQ)EBC5717420 035 $a10.1055-b-005-148979 035 $a(DE-2912)1551452716531 035 $a(EXLCZ)994100000007741547 100 $a20190309d2019 uy 0 101 0 $aeng 135 $aurcnu|||||||| 181 $ctxt$2rdacontent 182 $cc$2rdamedia 183 $acr$2rdacarrier 200 10$aAtlas of Operative Craniofacial Surgery /$fby: Mesa, John, Buchman, Steven R., Mackay, Donald R., Losee, Joseph E., Havlik, Robert J. 210 1$aNew York :$cThieme Medical Publishers, Inc.,$d[2019] 210 4$d©2019 215 $a1 online resource (534 pages) 311 $a1-62623-670-4 327 $aMachine generated contents note: -- PART I FUNDAMENTALS1 Fundamental Principles2 Craniofacial Nerve BlocksPART II CRANIAL VAULT AND BONY FACE3 Unicoronal Craniosynostosis Reconstruction: Fronto-orbital Advancement4 Fronto-orbital Advancement for Correction of Metopic Craniosynostosis5 Sagittal Craniosynostosis Reconstruction: Total Cranial Vault Remodeling6 Posterior Cranial Vault Expansion7 Monobloc Frontofacial Advancement: Indications and Technique8 Orbital Box Osteotomy for Orbital Dystopia9 Frontal Sinus Cranialization10 Transfacial Approaches to the Skull BasePART III ORBITAL11 Repair of Orbital Floor Fractures12 Treatment of Naso-orbitoethmoid Fractures13 Medial and Lateral Orbital Wall Fractures14 Canthopexy and CanthoplastyPART IV NOSE15 Cranial Bone Graft Harvest16 Nasal Osteotomies17 Primary Cleft Lip RhinoplastyPART V MAXILLA AND MANDIBLE18 LeFort I Osteotomy19 LeFort II Osteotomy20 LeFort III Osteotomy21 Model Surgery22 Computer-Based Model Surgery23 Bilateral Sagittal Split Osteotomy24 Osseous Genioplasty25 Alloplastic Chin Augmentation26 Midface Suspension: Facial Fractures27 Mandibular Distraction Osteogenesis28 Fibula Osteocutaneous Free Flap for Mandible Reconstruction29 Zygomaticomaxillary Complex RepairPART VI EAR30 Autologous Ear Reconstruction31 Alloplastic Ear Reconstruction32 OtoplastyPART VII CLEFT LIP AND PALATE REPAIR33 Unilateral Cleft Lip Repair34 Bilateral Cleft Lip and Nose Repair35 Cleft Lip Adhesion36 Tongue-Lip Adhesion37 Cleft Palate Repair38 Sphincter Pharyngoplasty39 The Posterior Pharyngeal Flap40 Alveolar Bone Grafting. 330 $aWritten by the world's foremost experts, Atlas of Operative Craniofacial Surgery with its accompanying videos is a unique resource that offers the reader a succinct yet comprehensive guide to performing craniofacial operations. In each chapter, renowned specialists share their strategies for selecting patients, executing effective preoperative planning, comprehending detailed operative techniques, instituting postoperative care best practices, dealing with possible complications, and much more. The wide array of covered topics includes the cranial vault, reconstruction of the facial bones, orbital fracture repair, rhinoplasty, maxillary and mandibular operations, ear reconstruction, and cleft lip and palate repair. Over 1400 intraoperative photos and 300 drawings guide the reader through each operative procedure in a step-by-step fashion. Emphasis on how the procedures are performed, rather than on theory. Includes case studies that show the results of the discussed techniques. Accompanied by 20 surgical technique videos. Presented in cooperation with the American Society of Maxillofacial Surgeons (ASMS) and the American Society of Craniofacial Surgery (ASCFS), this beautiful atlas is essential for all those involved with craniofacial surgery, including craniofacial surgeons, craniofacial surgery fellows, maxillofacial residents, and others"--Provided by publisher. 606 $aSkull$xSurgery 606 $aFace$xSurgery 615 0$aSkull$xSurgery. 615 0$aFace$xSurgery. 676 $a617.514 700 $aAllori$b Alexander C$4aut$4http://id.loc.gov/vocabulary/relators/aut$01546302 702 $aMesa$b John$4edt$4http://id.loc.gov/vocabulary/relators/edt 702 $aBuchman$b Steven R$4edt$4http://id.loc.gov/vocabulary/relators/edt 702 $aMackay$b Donald R$4edt$4http://id.loc.gov/vocabulary/relators/edt 702 $aLosee$b Joseph E$4edt$4http://id.loc.gov/vocabulary/relators/edt 702 $aHavlik$b Robert J$4edt$4http://id.loc.gov/vocabulary/relators/edt 702 $aAvashia$b Yash J$4aut$4http://id.loc.gov/vocabulary/relators/aut 702 $aBabiker$b Haithem M. Elhadi$4aut$4http://id.loc.gov/vocabulary/relators/aut 702 $aGharb$b Bahar Bassiri$4aut$4http://id.loc.gov/vocabulary/relators/aut 702 $aBeals$b Stephen P$4aut$4http://id.loc.gov/vocabulary/relators/aut 702 $aBehar$b Brittany$4aut$4http://id.loc.gov/vocabulary/relators/aut 702 $aBrady$b Colin$4aut$4http://id.loc.gov/vocabulary/relators/aut 702 $aBrosious$b John$4aut$4http://id.loc.gov/vocabulary/relators/aut 702 $aBykowski$b Michael R$4aut$4http://id.loc.gov/vocabulary/relators/aut 702 $aCabbad$b Nicole C$4aut$4http://id.loc.gov/vocabulary/relators/aut 702 $aChen$b Philip Kuo-Ting$4aut$4http://id.loc.gov/vocabulary/relators/aut 702 $aCondé-Green$b Alexandra$4aut$4http://id.loc.gov/vocabulary/relators/aut 702 $aDaniali$b Lily$4aut$4http://id.loc.gov/vocabulary/relators/aut 702 $aDavidson$b Edward H$4aut$4http://id.loc.gov/vocabulary/relators/aut 702 $aDayan$b Erez$4aut$4http://id.loc.gov/vocabulary/relators/aut 702 $aDeGeorge Jr$b Brent R$4aut$4http://id.loc.gov/vocabulary/relators/aut 702 $aDenny$b Arlen$4aut$4http://id.loc.gov/vocabulary/relators/aut 702 $aDoumit$b Gaby D$4aut$4http://id.loc.gov/vocabulary/relators/aut 702 $aDuan$b Yao$4aut$4http://id.loc.gov/vocabulary/relators/aut 702 $aGirotto$b John$4aut$4http://id.loc.gov/vocabulary/relators/aut 702 $aGoldstein$b Jesse$4aut$4http://id.loc.gov/vocabulary/relators/aut 702 $aGosain$b Arun K$4aut$4http://id.loc.gov/vocabulary/relators/aut 702 $aGranick$b Mark S$4aut$4http://id.loc.gov/vocabulary/relators/aut 702 $aGreives$b Matthew R$4aut$4http://id.loc.gov/vocabulary/relators/aut 702 $aGwanmesia$b Ivo$4aut$4http://id.loc.gov/vocabulary/relators/aut 702 $aHathaway$b Ronald R$4aut$4http://id.loc.gov/vocabulary/relators/aut 702 $aHeger$b Ian M$4aut$4http://id.loc.gov/vocabulary/relators/aut 702 $aHenderson$b Stacy R$4aut$4http://id.loc.gov/vocabulary/relators/aut 702 $aHenry$b Cathy$4aut$4http://id.loc.gov/vocabulary/relators/aut 702 $aIngargiola$b Michael J$4aut$4http://id.loc.gov/vocabulary/relators/aut 702 $aKhansa$b Ibrahim$4aut$4http://id.loc.gov/vocabulary/relators/aut 702 $aKirschner$b Richard E$4aut$4http://id.loc.gov/vocabulary/relators/aut 702 $aKlement$b Kristen A$4aut$4http://id.loc.gov/vocabulary/relators/aut 702 $aKumar$b Anand$4aut$4http://id.loc.gov/vocabulary/relators/aut 702 $aKurnik$b Nicole M$4aut$4http://id.loc.gov/vocabulary/relators/aut 702 $aLin$b Kant Y$4aut$4http://id.loc.gov/vocabulary/relators/aut 702 $aLiu$b Yuan$4aut$4http://id.loc.gov/vocabulary/relators/aut 702 $aLough$b Denver$4aut$4http://id.loc.gov/vocabulary/relators/aut 702 $aLynch$b Michael P$4aut$4http://id.loc.gov/vocabulary/relators/aut 702 $aMarcus$b Jeffrey R$4aut$4http://id.loc.gov/vocabulary/relators/aut 702 $aMlynek$b Karolina$4aut$4http://id.loc.gov/vocabulary/relators/aut 702 $aMorris$b David E$4aut$4http://id.loc.gov/vocabulary/relators/aut 702 $aMount$b Delora L$4aut$4http://id.loc.gov/vocabulary/relators/aut 702 $aNaran$b Sanjay$4aut$4http://id.loc.gov/vocabulary/relators/aut 702 $aNizam II$b Sami A$4aut$4http://id.loc.gov/vocabulary/relators/aut 702 $aPatel$b Pravin$4aut$4http://id.loc.gov/vocabulary/relators/aut 702 $aPapay$b Frank A$4aut$4http://id.loc.gov/vocabulary/relators/aut 702 $aPham$b Phuong$4aut$4http://id.loc.gov/vocabulary/relators/aut 702 $aPolley$b John W$4aut$4http://id.loc.gov/vocabulary/relators/aut 702 $aRanganathan$b Kavitha$4aut$4http://id.loc.gov/vocabulary/relators/aut 702 $aRatanshi$b Imran$4aut$4http://id.loc.gov/vocabulary/relators/aut 702 $aReid$b Russell R$4aut$4http://id.loc.gov/vocabulary/relators/aut 702 $aReinisch$b John$4aut$4http://id.loc.gov/vocabulary/relators/aut 702 $aRodriguez$b Eduardo D$4aut$4http://id.loc.gov/vocabulary/relators/aut 702 $aSamson$b Thomas$4aut$4http://id.loc.gov/vocabulary/relators/aut 702 $aSosin$b Michael$4aut$4http://id.loc.gov/vocabulary/relators/aut 702 $aSweeney$b Walter M$4aut$4http://id.loc.gov/vocabulary/relators/aut 702 $aTaub$b Peter J$4aut$4http://id.loc.gov/vocabulary/relators/aut 702 $aTepper$b Oren M$4aut$4http://id.loc.gov/vocabulary/relators/aut 702 $aUrata$b Mark$4aut$4http://id.loc.gov/vocabulary/relators/aut 702 $aUrbinelli$b Leo$4aut$4http://id.loc.gov/vocabulary/relators/aut 702 $aAalst$b John A. $4aut$4http://id.loc.gov/vocabulary/relators/aut 702 $aVasconez$b Henry C$4aut$4http://id.loc.gov/vocabulary/relators/aut 702 $aVercler$b Christian J$4aut$4http://id.loc.gov/vocabulary/relators/aut 702 $aVibhakar$b Dev$4aut$4http://id.loc.gov/vocabulary/relators/aut 702 $aViers$b Angela G$4aut$4http://id.loc.gov/vocabulary/relators/aut 702 $aVyas$b Krishna S$4aut$4http://id.loc.gov/vocabulary/relators/aut 702 $aWarren$b Stephen M$4aut$4http://id.loc.gov/vocabulary/relators/aut 702 $aYan$b Alan$4aut$4http://id.loc.gov/vocabulary/relators/aut 702 $aYaremchuk$b Michael J$4aut$4http://id.loc.gov/vocabulary/relators/aut 702 $aYu$b Jack C$4aut$4http://id.loc.gov/vocabulary/relators/aut 702 $aZampell$b Jamie$4aut$4http://id.loc.gov/vocabulary/relators/aut 702 $aZhao$b Linping$4aut$4http://id.loc.gov/vocabulary/relators/aut 801 0$bDE-2912 906 $aBOOK 912 $a9910793492103321 996 $aAtlas of Operative Craniofacial Surgery$93801796 997 $aUNINA LEADER 01205nam 2200409 450 001 9910794665103321 005 20230105163911.0 010 $a88-921-9463-1 035 $a(CKB)4100000011955435 035 $a(MiAaPQ)EBC6638358 035 $a(Au-PeEL)EBL6638358 035 $a(OCoLC)1256263225 035 $a(EXLCZ)994100000011955435 100 $a20220529d2020 uy 0 101 0 $aita 135 $aurcnu|||||||| 181 $ctxt$2rdacontent 182 $cc$2rdamedia 183 $acr$2rdacarrier 200 10$aProcreazione umana e diritti fondamentali /$fMaria Pia Iadicicco 210 1$aTorino, Italy :$cG. Giappichelli,$d[2020] 210 4$d©2020 215 $a1 online resource (449 pages) 320 $aIncludes bibliographical references and index. 606 $aHuman reproduction$xLaw 606 $aConstitutional law$zItaly 615 0$aHuman reproduction$xLaw. 615 0$aConstitutional law 676 $a342.73084 700 $aIadicicco$b Maria Pia$0599221 801 0$bMiAaPQ 801 1$bMiAaPQ 801 2$bMiAaPQ 906 $aBOOK 912 $a9910794665103321 996 $aProcreazione umana e diritti fondamentali$92998872 997 $aUNINA